Art from the land : (Record no. 27207)

000 -LEADER
fixed length control field 01788cam a2200385 a 4500
001 - CONTROL NUMBER
control field 11903687
005 - DATE AND TIME OF LATEST TRANSACTION
control field 20170207154531.0
008 - FIXED-LENGTH DATA ELEMENTS--GENERAL INFORMATION
fixed length control field 000204s1999 vaua bc 001 0 eng d
010 ## - LIBRARY OF CONGRESS CONTROL NUMBER
LC control number 00272598
020 ## - INTERNATIONAL STANDARD BOOK NUMBER
International Standard Book Number 0957713509
020 ## - INTERNATIONAL STANDARD BOOK NUMBER
International Standard Book Number 0646370871 (pbk.)
035 ## - SYSTEM CONTROL NUMBER
System control number (OCoLC)ocm43517789
050 00 - LIBRARY OF CONGRESS CALL NUMBER
Classification number ND1101 .A78 1999
245 00 - TITLE STATEMENT
Title Art from the land :
Remainder of title dialogues with the Kluge-Ruhe Collection of Australian Aboriginal art /
Statement of responsibility, etc. edited by Howard Morphy and Margo Smith Boles.
260 ## - PUBLICATION, DISTRIBUTION, ETC. (IMPRINT)
Place of publication, distribution, etc. Charlottesville :
Name of publisher, distributor, etc. University of Virginia,
Date of publication, distribution, etc. 1999.
300 ## - PHYSICAL DESCRIPTION
Extent vi, 266 p. :
Other physical details col. ill. ;
Dimensions 28 cm.
504 ## - BIBLIOGRAPHY, ETC. NOTE
Bibliography, etc Includes bibliographical references and index.
600 10 - SUBJECT ADDED ENTRY--PERSONAL NAME
Personal name Kluge, John Werner,
Dates associated with a name 1914-2010
General subdivision Art collections
Form subdivision Catalogs.
600 10 - SUBJECT ADDED ENTRY--PERSONAL NAME
Personal name Ruhe, Edward Lehman,
Dates associated with a name 1923-
General subdivision Art collections
Form subdivision Catalogs.
610 20 - SUBJECT ADDED ENTRY--CORPORATE NAME
Corporate name or jurisdiction name as entry element Kluge-Ruhe Aboriginal Art Collection (University of Virginia)
Form subdivision Catalogs.
650 #0 - SUBJECT ADDED ENTRY--TOPICAL TERM
Topical term or geographic name as entry element Painting, Aboriginal Australian
Form subdivision Catalogs.
650 #0 - SUBJECT ADDED ENTRY--TOPICAL TERM
Topical term or geographic name as entry element Art, Aboriginal Australian
Geographic subdivision Australia
-- Arnhem Land (N.T.)
Form subdivision Catalogs.
650 #0 - SUBJECT ADDED ENTRY--TOPICAL TERM
Topical term or geographic name as entry element Art
General subdivision Private collections
Geographic subdivision Virginia
-- Charlottesville
Form subdivision Catalogs.
650 #0 - SUBJECT ADDED ENTRY--TOPICAL TERM
Topical term or geographic name as entry element Art
Geographic subdivision Virginia
-- Charlottesville
Form subdivision Catalogs.
700 1# - ADDED ENTRY--PERSONAL NAME
Personal name Morphy, Howard.
700 1# - ADDED ENTRY--PERSONAL NAME
Personal name Boles, Margo Smith.
710 2# - ADDED ENTRY--CORPORATE NAME
Corporate name or jurisdiction name as entry element University of Virginia.
942 ## - ADDED ENTRY ELEMENTS (KOHA)
Source of classification or shelving scheme
Koha item type Hard Covered Materials
Holdings
Withdrawn status Lost status Source of classification or shelving scheme Damaged status Not for loan Home library Current library Shelving location Date acquired Source of acquisition Total Checkouts Full call number Barcode Date last seen Price effective from Koha item type
          MACHAKOS UNIVERSITY LIBRARY MACHAKOS UNIVERSITY LIBRARY Technical section 07/02/2017 Donation(BFA)   ND1101 .A78 1999 34749 31/05/2018 07/02/2017 Hard Covered Materials
© Machakos University Library, Along The Highway, Machakos Wote Rd, Machakos, Kenya P.O. Box 136 - 90100 Machakos - Kenya

Tel: ( +254 ) 723 805829 OR Fax : 044-20353 OR Email: library@mksu.ac.ke